[Event "Berlin qualification op"]
[Site "Berlin"]
[Date "2010.04.06"]
[Round "4"]
[White "Agapova, Svetlana"]
[Black "Schilling, Hans"]
[Result "0-1"]
[WhiteElo "1400"]
[BlackElo "1671"]
[PlyCount "66"]
[EventDate "2010.04.03"]
[EventType "swiss"]
[EventRounds "9"]
[EventCountry "GER"]
[SourceTitle "EXT 2012"]
[Source "ChessBase"]
[SourceDate "2011.11.24"]
[SourceVersion "1"]
[SourceVersionDate "2011.11.24"]
[SourceQuality "1"]

1. e4 d5 2. exd5 Qxd5 3. Nc3 Qa5 4. d4 Bf5 5. Bd3 c6 6. Nf3 e6 7. Bxf5 Qxf5 8. 0-0 Be7 9. Be3 h6 10. Ne2 Nd7 11. Ng3 Qh7 12. Nd2 Ngf6 13. h3 0-0 14. f4 Nd5 15. Rf3 Bd6 16. f5 Nxe3 17. Rxe3 exf5 18. Re1 Bxg3 19. Rf1 f4 20. c3 Rfe8 21. Nc4 Qg6 22. Qf3 Qe6 23. b3 Nb6 24. Ne5 Nd5 25. Nc4 Ne3 26. Nxe3 Qxe3+ 27. Qxe3 Rxe3 28. Rfc1 Rae8 29. Kf1 Re2 30. c4 Rf2+ 31. Kg1 Ree2 32. Kh1 Rxg2 33. Rg1 Rh2# 0-1